Statistics for Kpop Song by Its Title in Romanized Korean

Click here to take the quiz!

General Stats

  • This quiz has been taken 2,361 times
  • The average score is 8 of 28

Answer Stats

Korean TitleEnglish Title% Correct
BultaoreuneFire
90%
Baeng Baeng BaengBang Bang Bang
70%
Gangnam SeutailGangnam Style
68%
RingdingdongRingDingDong
66%
Nun, Ko, IpEyes, Nose, Lips
52%
Naega Jeil Jal NagaI Am the Best
48%
Ai Gat Eo BoiI Got a Boy
46%
MichyeoCrazy
45%
EureurangGrowl
35%
JjeoreoDope OR Zutter
34%
PatiParty
33%
Niga HamyeonIf You Do
31%
Areumdaun BamiyaBeautiful Night
26%
Uri Saranghaji MarayoLet's Not Fall In Love
21%
Ttak JohaJust Right
20%
SeumulsetTwenty-Three
20%
UahageLike Ooh-Ahh
18%
PpalgaeyoRed
16%
JungdokOverdose
14%
AyayaMamacita
13%
ChieoeopCheer Up
8%
PpittakhageCrooked
7%
MiinaBonamana
5%
Saramdeuri Umjigineun GeHow People Move
5%
Yahago SipeoCall You Bae
4%
Bom, Sarang, Beotkkot MalgoNot Spring, Love, or Cherry Blossoms
4%
Cheot SarangniRum Pum Pum Pum
4%
JagyeokjisimInferiority Complex
2%

Score Distribution

Percentile by Number Answered

Percent of People with Each Score

Your Score History

You have not taken this quiz